| 000 | 00674nam a22002417a 4500 | ||
|---|---|---|---|
| 999 |
_c7715 _d7715 |
||
| 003 | Ost | ||
| 005 | 20200409115017.0 | ||
| 008 | 200409b ||||| |||| 00| 0 eng d | ||
| 020 | _a9788120328235 | ||
| 040 | _cBT-PhCST | ||
| 050 | _aD4224 | ||
| 082 |
_222 _a005.71 _bSTE |
||
| 100 | _aStevens, W. Richard. | ||
| 245 |
_aUNIX network programming : _bthe sockets networking API / |
||
| 250 | _a3rd ed. | ||
| 260 |
_aNew Delhi : _bPHI Learning Pvt. Ltd., _cc2008. |
||
| 300 |
_axxii, 991 p. : _bill. ; _c23 cm. |
||
| 440 | _vv.1 | ||
| 500 | _aIncludes bibliographical references and index. | ||
| 700 | _aFenner, Bill. | ||
| 700 | _aRudoff, Andrew M. | ||
| 942 |
_2ddc _cIT |
||